Уровень загрязнения приземной атмосферы Красноярска (холодный период); Экология и промышленность России; № 10

Dettagli Bibliografici
Parent link:Экология и промышленность России: ежемесячный общественный научно-технический журнал.— , 2001-
№ 10.— 2003.— С. 4-8
Autore principale: Михайлюта С. В.
Altri autori: Тасейко О. В.
Lingua:russo
Pubblicazione: 2003
Serie:Регионы
Soggetti:
Natura: MixedMaterials Capitolo di libro
KOHA link:https://koha.lib.tpu.ru/cgi-bin/koha/opac-detail.pl?biblionumber=389018

MARC

LEADER 00000naa2a2200000 4500
001 389018
005 20231101063820.0
035 |a (RuTPU)RU\TPU\prd\20821 
090 |a 389018 
100 |a 20031223a2003 k y0rusy50 ca 
101 0 |a rus 
102 |a RU 
200 1 |a Уровень загрязнения приземной атмосферы Красноярска (холодный период)  |f С. В. Михайлюта, О. В. Тасейко 
225 1 |a Регионы 
320 |a Библиогр.: 3 назв. 
461 1 |0 (RuTPU)RU\TPU\prd\1141  |t Экология и промышленность России  |o ежемесячный общественный научно-технический журнал  |d 2001- 
463 1 |0 (RuTPU)RU\TPU\prd\20285  |t № 10  |v С. 4-8  |d 2003 
610 1 |a загрязнения атмосферы 
610 1 |a Красноярск 
610 1 |a города 
610 1 |a городская среда 
610 1 |a загрязнение 
700 1 |a Михайлюта  |b С. В. 
701 1 |a Тасейко  |b О. В. 
801 1 |a RU  |b 63413507  |c 20031223  |g PSBO 
942 |c BK